|
|
|
|
| LEADER |
00817nta a2200193 i 4500 |
| 001 |
dokt875 |
| 005 |
20190724091730.0 |
| 008 |
110614s2010 hu om 0|| hun d |
| 024 |
7 |
|
|a 1593177
|2 mtmt
|
| 040 |
|
|
|a SZTE Doktori Repozitórium
|b hun
|
| 041 |
|
|
|a hun
|
| 100 |
1 |
|
|a Fejes Zsuzsanna
|
| 245 |
1 |
2 |
|a A határon átnyúló együttműködések jogi és közigazgatási feltételei. Különös tekintettel a magyar határrégiókra
|h [elektronikus dokumentum] /
|c Fejes Zsuzsanna
|
| 260 |
|
|
|c 2010-06-01
|
| 502 |
|
|
|a Disszertacio
|
| 650 |
|
4 |
|a állam- és jogtudományok
|
| 700 |
1 |
|
|a Paczolay Péter
|e ths
|
| 856 |
4 |
0 |
|u https://doktori.bibl.u-szeged.hu/id/eprint/875/1/Fejes_Zsuzsanna_ertekezes.pdf
|z Dokumentum-elérés
|
| 856 |
4 |
0 |
|u https://doktori.bibl.u-szeged.hu/id/eprint/875/2/Fejes_Zsuzsanna_tezis.pdf
|z Dokumentum-elérés
|